| 000 | 00661nam a2200217 a 4500 | ||
|---|---|---|---|
| 001 | BRCA_8001 | ||
| 005 | 20190320210106.0 | ||
| 008 | 140314s1969----gw-a###f##---#001-0#ger-# | ||
| 041 | _ager | ||
| 044 | _agw | ||
| 050 | 4 |
_aN910 _b.ST864 _c1969 |
|
| 245 | 1 | 0 |
_aStockholm _bdie schönsten Kunswerke aus zwölf Museen. |
| 260 |
_aRepública Democrática Alemana _bLeipzig _c1969 |
||
| 300 |
_a167 p. _bil. (algunas a color) _c35 cm. |
||
| 440 | 0 |
_aWeltstadte der Kunts _919863 |
|
| 500 | _a3119 | ||
| 650 | 1 | 4 |
_aMuseos de arte _vCatálogos _zSuecia (Estocolmo) _919864 |
| 650 | 1 | 4 |
_aMuseos _vEscandinavos _zSuecia (Estocolmo) _919865 |
| 902 | _aGFM | ||
| 942 |
_2lcc _cB |
||
| 999 |
_c7670 _d7670 |
||